000 00349 a2200109 4500
001 ART_58188
005 20260410161823.0
008 260409a
245 1 0 _aLavado y los riesgos por la simplificación tributaria
100 1 _aVega, Gerardo E.
773 0 _tDoctrina Penal Tributaria y Económica
_g- N° 67 (mar. 2023)
_wREV4317
999 _c22524
_d22524